<?xml version="1.0" encoding="UTF-8"?>
<marc:record xmlns:marc="http://www.loc.gov/MARC21/slim">
   <marc:leader>00000nam a2200000 a 4500</marc:leader>
   <marc:datafield ind1="1" ind2=" " tag="100">
      <marc:subfield code="a">Falk, Rita</marc:subfield>
      <marc:subfield code="4">aut</marc:subfield>
      <marc:subfield code="e">Verfasser/-in</marc:subfield>
   </marc:datafield>
   <marc:datafield ind1="0" ind2="0" tag="245">
      <marc:subfield code="a">Apfelstrudelalibi</marc:subfield>
   </marc:datafield>
   <marc:datafield ind1="0" ind2="0" tag="245">
      <marc:subfield code="b">ein Provinzkrimi</marc:subfield>
   </marc:datafield>
   <marc:datafield ind1=" " ind2="1" tag="264">
      <marc:subfield code="b">dtv</marc:subfield>
      <marc:subfield code="c">2025</marc:subfield>
   </marc:datafield>
   <marc:datafield ind1="1" ind2=" " tag="520">
      <marc:subfield code="a">Als ob der Eberhofer Franz nicht schon Ärger genug hätt: Nein, jetzt muss die Susi Maus sich auch noch als frischgebackene Bürgermeisterin wichtig machen. Dabei hat er ganz andere Sorgen, als seiner vielbeschäftigten Frau alles hinterherzutragen. Noch dazu, wo er nämlich einen Mordfall hat. Einen waschechten. Zumindest glaubt der Richter Moratschek, dass seine geliebte Patentochter Letitia bestimmt nicht von ganz allein in Südtirol vom Berg gestürzt ist.</marc:subfield>
   </marc:datafield>
   <marc:datafield ind1=" " ind2=" " tag="020">
      <marc:subfield code="a">9783423264457</marc:subfield>
      <marc:subfield code="9">9783423264457</marc:subfield>
   </marc:datafield>
</marc:record>
